Co je to demokracie /

Guardado en:
Detalles Bibliográficos
Autor principal: Kapr, Jaroslav (Autor)
Formato: Libro
Lenguaje:checo
Publicado: Praha : Sociologické nakladatelství, 1991
Edición:1.vyd.
Etiquetas: Agregar Etiqueta
Sin Etiquetas, Sea el primero en etiquetar este registro!

MARC

LEADER 00000nam a22000003a 4500
001 stu890
005 20150617225618.0
008 911218s1991----cs------------------cze-d
020 |a 80-901059-2-0 
040 |a STU  |b slo 
041 0 |a cze 
044 |a cs 
080 |a 321.7 
100 1 |a Kapr, Jaroslav  |4 aut 
245 1 |a Co je to demokracie /  |c [aut.] Kapr,Jaroslav 
250 |a 1.vyd. 
260 |a Praha :  |b Sociologické nakladatelství,  |c 1991 
300 |a 97 s 
996 |b E75812  |c R*75812  |l RRUM  |s A  |a 24  |w stu890_0001